Statistics for States That Beat Washington

Click here to take the quiz!

General Stats

  • This quiz has been taken 130 times
    (96 since last reset)
  • The average score is 17 of 18

Answer Stats

RankCategoryAnswer% Correct
10Highest % Native AmericanAlaska | New Mexico | South Dakota | Oklahoma | Montana | North Dakota | Arizona | Wyoming | Nevada
100%
10Most ImmigrantsCalifornia | New Jersey | New York | Florida | Nevada | Hawaii | Massachusetts | Texas | Maryland
99%
9Most Recent Date of AdmissionHawaii | Alaska | Arizona | New Mexico | Oklahoma | Utah | Wyoming | Idaho
99%
9Richest (by Median Income)Maryland | New Jersey | Hawaii | Massachusetts | Connecticut | California | New Hampshire | Alaska
99%
9Fastest Growing (1960-2019)Nevada | Arizona | Florida | Alaska | Utah | Colorado | Texas | Georgia | Idaho
98%
8Highest Life ExpectancyHawaii | California | New York | Minnesota | Connecticut | Massachusetts | Colorado
96%
8Most LighthousesMichigan | Massachusetts | Maine | New York | Wisconsin | California | Florida
96%
9Longest Average CommuteNew York | Maryland | New Jersey | Massachusetts | California | Illinois | Georgia | Virginia
96%
8States the Most People are Moving toFlorida | Texas | Arizona | North Carolina | South Carolina | Georgia | Nevada
95%
4Highest Maximum ElevationAlaska | California | Colorado
94%
5Highest Homeless PopulationCalifornia | Florida | Texas | Oregon
94%
5Highest Average RentHawaii | California | Maryland | New Jersey
94%
4Most Expensive HomesHawaii | California | Massachusetts
94%
6Highest % of Residents Commuting to Work on Public TransitNew York | New Jersey | Massachusetts | Illinois | Maryland
93%
7Fewest Traffic Deaths (per capita)New York | Massachusetts | Minnesota | New Jersey | Hawaii | New Hampshire
92%
4Highest % AsianHawaii | California | New Jersey
89%
3Largest Difference Between Highest and Lowest PointsAlaska | California
88%
6Least ReligiousNew York | Oregon | Alaska | Connecticut | Montana
88%

Score Distribution

Percentile by Number Answered

Percent of People with Each Score

Your Score History

You have not taken this quiz since the last reset